[Event "Kishinev Ghimpu Memorial op"]
[Site "Kishinev"]
[Date "2012.11.10"]
[Round "4"]
[White "Sitov, Daniel"]
[Black "Dergach, Vladimir"]
[Result "1-0"]
[WhiteElo "1590"]
[BlackElo "1762"]
[PlyCount "46"]
[EventDate "2012.11.09"]
[EventType "swiss"]
[EventRounds "9"]
[EventCountry "MDA"]
[SourceTitle "EXT 2014"]
[Source "ChessBase"]
[SourceDate "2013.11.20"]
[SourceVersion "1"]
[SourceVersionDate "2013.11.20"]
[SourceQuality "1"]

1. e4 c5 2. Nf3 d6 3. Nc3 Nc6 4. Bb5 Bd7 5. d4 cxd4 6. Nxd4 a6 7. Nxc6 bxc6 8. Bc4 e6 9. 0-0 Be7 10. f4 Nf6 11. Qf3 d5 12. Bd3 0-0 13. e5 Ne8 14. Qh3 f5 15. g4 g6 16. g5 Ng7 17. Be2 d4 18. Na4 c5 19. b3 Bc6 20. Bf3 Rc8 21. Bxc6 Rxc6 22. Rf3 Qa5 23. Bb2 Qd2 1-0